Normal view MARC view

Entry Chronological Term

Number of records used in: 1

001 - CONTROL NUMBER

  • control field: 2690

003 - CONTROL NUMBER IDENTIFIER

  • control field: OSt

005 - DATE AND TIME OF LATEST TRANSACTION

  • control field: 20190227163012.0

008 - FIXED-LENGTH DATA ELEMENTS

  • fixed length control field: 190227|| aca||aabn | a|a d

040 ## - CATALOGING SOURCE

  • Original cataloging agency: OSt
  • Transcribing agency: OSt

148 ## - HEADING--CHRONOLOGICAL TERM

  • Chronological term: 1800-1899

670 ## - SOURCE DATA FOUND

  • Source citation: Work cat.: (OSt)507271: Rumsby, J. H. (John Harvey), author. 1252, "Discipline, system and style" :, 2017

Powered by Koha